Statistics for Eurovision Winning Songs

Click here to take the quiz!

General Stats

  • This quiz has been taken 638 times
  • The average score is 30 of 61

Answer Stats

HintAnswer% Correct
1974SwedenAbbaWaterloo
87%
2012SwedenLoreenEuphoria
83%
2009NorwayAlexander RybakFairytale
83%
2006FinlandLordiHard Rock Hallelujah
78%
2010GermanyLenaSatellite
77%
2013DenmarkEmmelie De ForestOnly Teardrops
75%
2004UkraineRuslanaWild Dances
74%
1998IsraelDana InternationalDiva
73%
2005GreeceHelena PaparizouMy Number One
70%
2007SerbiaMarija SerifovicMolitva
69%
2000DenmarkOlsen BrothersFly On The Wings of Love
68%
2008RussiaDima BilanBelieve
66%
2011AzerbaijanEll &NikkiRunning Scared
66%
1987IrelandJohnny LoganHold Me Now
64%
1968SpainMassielLa La La
61%
1980IrelandJohnny LoganWhat's Another Year?
61%
2003TurkeySertab ErenerEveryway That I Can
60%
2002LatviaMarie NI Wanna
59%
1997United KingdomKatrina & The WavesLove, Shine A Light
59%
1979IsraelGali Atari & Milk and HoneyHallelujah
57%
1995NorwaySecret GardenNocturne
57%
2001EstoniaTanel Padar, Dave Benton & 2XLEverybody
56%
1956SwitzerlandLys AssiaRefrain
56%
1967United KingdomSandie ShawPuppet On A String
55%
1996IrelandEimear QuinnThe Voice
55%
1989YugoslaviaRivaRock Me
54%
1976United KingdomBrotherhood of ManSave Your Kisses For Me
52%
1999SwedenCharlotte NilssonTake Me To Your Heaven
52%
1992IrelandLinda MartinWhy Me?
52%
1986BelgiumSandra KimJ'aime La Vie
51%
1981United KingdomBucks FizzMaking Your Mind Up
51%
1970IrelandDanaAll Kinds of Everything
48%
1975NetherlandsTeach-inDing-a-Dong
47%
1978IsraelIzhar Cohen & AlphabetaA-Ba-Ni-Bi
46%
1994IrelandPaul Harrington & Charlie McGettiganRock n Roll Kids
46%
1982GermanyNicoleEin Bisschen Frieden
45%
1969United KingdomLuluBoom-Bang-A-Bang
44%
1988SwitzerlandCeline DionNe Partez Pas Sans Moi
44%
1993IrelandNiamh KavanaghIn Your Eyes
43%
1985NorwayBobbysocks!La Det Swinge
42%
1990ItalyToto CutugnoInsieme: 1992
38%
1972LuxembourgVicky LeandrosApres Toi
36%
1966AustriaUd JurgensMerci, Cherie
35%
1963DenmarkGrethe & Jorgen IngmannDansevise
34%
1965LuxembourgFrance GallPoupee de Cire, Poupee de Son
34%
1984SwedenThe HerreysDiggi-Loo Diggi-Ley
33%
1969NetherlandsLenny KuhrDe Troubadour
32%
1969SpainSalomeVivo Cantando
32%
1964ItalyGigliola CinquettiNon ho l'Eta
31%
1991SwedenCarolaFangad av en Stormvind
30%
1959NetherlandsTeddy ScholtenEen Beetje
28%
1960FranceJacqueline BoyerTom Pillibi
28%
1973LuxembourgAnne-Marie DavidTu te Reconnaitras
27%
1958FranceAndre ClaveauDors, Mon Amour
26%
1977FranceMarie Myriaml'Oiseau et l'Enfant
26%
1957NetherlandsCorry BrokkenNet Als Toen
26%
1971MonacoSeverineUn Banc, un Arbre, une Rue
26%
1983LuxembourgCorinne HermesSi La Vie est Cadeau
22%
1962FranceIsabelle AubretUn Premier Amour
22%
1961LuxembourgJean-Claude PascalNous Les Amoureux
21%
1969FranceFrida BoccaraUn Jour, Un Enfant
19%

Score Distribution

Percentile by Number Answered

Percent of People with Each Score

Your Score History

You have not taken this quiz